000 00567nam a2200229Ia 4500
003 OSt
005 20220924145444.0
006 a|||||r|||| 00| 0
007 ta
008 220923b |||||||| |||| 00| 0 tel d
024 _a328737
037 _cTextual
040 _aARTS
_cARTS
_btel
041 _2tel
_atel
082 _aLB:4:7x2,1, 35J6
100 _aSusrutacharya
_9219789
245 0 _aSusrulamu
260 _c1956
650 _aMEDICINE
_94387
942 _hLB:4:7x2,1, 35J6
_cTEXL
_2CC
999 _c460146
_d460146